000 00855nam a22002057a 4500
999 _c9853
_d9853
003 AR-CdUCM
008 190328b ||||| |||| 00| 0 spa d
040 _aMUNICIPALIDAD PROVINCIAL DEL CUSCO
_cBIBLIOTECA MUNICIPAL DEL CUSCO
082 _a619 /
_bB45 / 1944
100 _aBernard, Claudio
_926347
245 _aIntroducción al estudio de la medicina experimental /
260 _aBuenos Aires :
_bEmecé,
_c1944.
300 _a401 paginas ;
_c17 cm.
505 _aContenido : Del razonamiento experimental -- De la observación y de la experiencia -- De la experimentación en los seres vivientes -- Aplicaciones del método experimental al estudio de los fenómenos de la vida ...
650 _aMedicina experimental
_926348
650 _aSeres vivientes
_919931
650 _aFenómenos de la vida
_926349
942 _2ddc
_cLIBROS
945 _awnts